书目信息 |
| 题名: |
从英语会话学时态变化
|
|
| 作者: | 张丽玲 编著 | |
| 分册: | ||
| 出版信息: | 北京 中国大百科全书出版社 1999.09 |
|
| 页数: | 222页 | |
| 开本: | 64开 | |
| 丛书名: | ||
| 单 册: | ||
| 中图分类: | H319.9 | |
| 科图分类: | ||
| 主题词: | 英语 | |
| 电子资源: | ||
| ISBN: | 7-5000-6215-X | |
| 000 | 00576nam0 2200193 45 | |
| 001 | 0009021167 | |
| 005 | 20000902112455.4 | |
| 010 | @a7-5000-6215-X@d6.50元 | |
| 100 | @a20000902d1999 km y0chiy0120 ea | |
| 101 | 0 | @achi |
| 105 | @a z 000yy | |
| 200 | 1 | @a从英语会话学时态变化@ACong Ying Yu Hui Hua Xue Shi Tai Bian Hua@f张丽玲编著@FZhang Li Ling Bian Zhu |
| 210 | @a北京@c中国大百科全书出版社@d1999.09 | |
| 215 | @a222页@d64开 | |
| 606 | 0 | @a英语 |
| 690 | @aH319.9@v3 | |
| 701 | 0 | @a张丽玲@4编著 |
| 801 | @aCN@bPftUser@c20000902 | |
| 905 | @b114695-699@dH319.9@eZH453/1@f5 | |
| 从英语会话学时态变化/张丽玲编著.-北京:中国大百科全书出版社,1999.09 |
| 222页;64开 |
| ISBN 7-5000-6215-X:6.50元 |
| ● |
| 相关链接 |
|
|
|
正题名:从英语会话学时态变化
索取号:H319.9/ZH453/1
 
预约/预借
| 序号 | 登录号 | 条形码 | 馆藏地/架位号 | 状态 | 备注 |
| 1 | 114695 | 201146955 | 语言库209/209语言库 114排2列5层/ [索取号:H319.9/ZH453/1] | 在馆 | |
| 2 | 114696 | 201146964 | 语言库209/209语言库 114排2列5层/ [索取号:H319.9/ZH453/1] | 在馆 | |
| 3 | 114697 | 201146973 | 语言库209/209语言库 114排2列5层/ [索取号:H319.9/ZH453/1] | 在馆 | |
| 4 | 114698 | 201146982 | 语言库209/209语言库 114排2列5层/ [索取号:H319.9/ZH453/1] | 在馆 | |
| 5 | 114699 | 201146991 | 语言库209/209语言库 114排2列5层/ [索取号:H319.9/ZH453/1] | 在馆 |